Państwa gdzie jest najwięcej użytkowników Youtube - Statystyki

Ogólne statystyki
  • Ten quiz został rozwiązany 297 razy
    197 od ostatniego zresetowania
  • Średni wynik to 11 z 15
Statystyki odpowiedzi
Ilość
użytkowników
Państwa % Poprawnych
250 Stany Zjednoczone
99%
57,9 Rosja
90%
480 Indie
89%
150 Brazylia
86%
52,7 Francja
86%
70,8 Niemcy
86%
59,2 Wielka Brytania
85%
80,6 Japonia
84%
85,1 Meksyk
74%
145 Indonezja
64%
60,5 Turcja
62%
71,7 Pakistan
47%
60,1 Filipiny
46%
47,2 Tajlandia
46%
66,0 Wietnam
45%
Nie znaleziono quizów pasujących do podanych kryteriów
Rozkład punktacji
Procent ludzi z każdym wynikiem
Percentyl według liczby udzielonych odpowiedzi
Twoja historia wyników
Nie rozwiązałeś tego quizu od ostatniego zresetowania